000
00278nam a22001217a 4500
005
20170620150504.0
008
170620b xxu||||| |||| 00| 0 eng d
041
_a
eng
245
_a
INFORMATION GUIDE: ESE, GATE, PSUs
260
_b
ENGINEERS ACADEMY
300
_a
23
942
_c
BK
999
_c
5470
_d
5468